Suomenruotsalaiset kunnat kartalla - Statistics

Yleistilastot
  • Tätä visaa on pelattu 131 kertaa
  • Keskiarvotulos 41 / 49
Vastaukset kartalla
Vastauksille on annettu kartalla punavihreä väri sen mukaan, kuinka moni on saanut sen oikein.
 
Vastaustilastot
Kunta % Oikein
Espoo
97%
Helsinki
97%
Vaasa
97%
Hanko
96%
Turku
96%
Vantaa
96%
Kauniainen
94%
Porvoo
94%
Kokkola
92%
Maarianhamina
92%
Raasepori
92%
Sipoo
92%
Kirkkonummi
91%
Pietarsaari
91%
Mustasaari
90%
Parainen
89%
Kristiinankaupunki
88%
Uusikaarlepyy
87%
Lohja
86%
Loviisa
86%
Eckerö
85%
Inkoo
85%
Närpiö
85%
Pedersören kunta
85%
Geta
83%
Siuntio
83%
Vöyri
83%
Jomala
82%
Kemiönsaari
82%
Hammarland
80%
Kruunupyy
80%
Lumparland
80%
Luoto
80%
Kökar
79%
Korsnäs
79%
Sund
79%
Brändö
78%
Finström
78%
Föglö
78%
Lemland
78%
Sottunga
78%
Kumlinge
77%
Maalahti
77%
Vårdö
76%
Myrskylä
75%
Saltvik
75%
Kaskinen
74%
Pyhtää
72%
Lapinjärvi
68%
Ehtoja vastaavia visoja ei löytynyt
Tulosjakauma
Jokaisen tuloksen saaneiden osuus
Persentiili vastausten määrän mukaan
Tuloshistoriasi
Et ole pelannut tätä visaa